000 00741nam a2200193Ii 4500
003 JO-AjNU
008 230605s9999||||xx |||||||||||||| ||und||
040 _aJO-AjNU
_bara
_erda
_cJO-AjNU
041 _aara
050 1 4 _aCT1862.I2622.1992
100 3 _aابي الدنيا، الحافظ ابي بكر عبدالله بن محمد بن عبيد؛ عطا، مصطفى عبد القادر دراسة وتحقيق,
_eauthor
_938082
245 0 0 _aالإشراف على مناقب الأشراف
264 3 1 _aبيروت: دار الكتب العلمية، 1992
300 _a230ص
336 _atext
_btxt
_2rdacontent
337 _aunmediated
_bn
_2rdamedia
338 _avolume
_bnc
_2rdacarrier
650 4 _aالعرب-تراجم
_938083
999 _aA15970
_c19538
_d19538